10 najdłuższych granic - Statystyki

Ogólne statystyki
  • Ten quiz został rozwiązany 42 razy
  • Średni wynik to 9 z 10
Statystyki odpowiedzi
Długość granicy państwo Państwo % Poprawnych
4677 Chiny Mongolia
100%
4250 Chiny Rosja
100%
3380 Chiny Indie
100%
8893 USA Kanada
100%
3423 USA Meksyk
100%
5150 Argentyna Chile
98%
6846 Kazachstan Rosja
98%
3423 Boliwia Brazylia
85%
3485 Mongolia Rosja
85%
4053 Bangladesz Indie
80%
Nie znaleziono quizów pasujących do podanych kryteriów
Rozkład punktacji
Procent ludzi z każdym wynikiem
Percentyl według liczby udzielonych odpowiedzi
Twoja historia wyników
Nie rozwiązałeś tego quizu